Normal view
MARC view
- Mee.A J
Entry Personal Name
001 - CONTROL NUMBER
- control field: 100065
003 - CONTROL NUMBER IDENTIFIER
- control field: NUST
005 - DATE AND TIME OF LATEST TRANSACTION
- control field: 20221012180657.0
008 - FIXED-LENGTH DATA ELEMENTS
- fixed length control field: 221012|| aca||aabn | a|a d
040 ## - CATALOGING SOURCE
- Original cataloging agency: NUST
- Transcribing agency: NUST
100 ## - HEADING--PERSONAL NAME
- Personal name: Mee.A J
670 ## - SOURCE DATA FOUND
- Source citation: Work cat.: (NUST)183431: Mee.A J, Physical chemistry, 1951.
